000 00627nam a2200241Ia 4500
003 OSt
005 20221007063055.0
006 a|||||r|||| 00| 0
007 ta
008 221006b |||||||| |||| 00| 0 eng d
024 _a29,048
037 _cTextual
040 _aFLL
_cFLL
_beng
041 _2eng
_aeng
082 _aZQ2, L3
100 _aDesai Sunderlal T.
_9152575
245 0 _aPrinciples of hindu law
250 _a13th
260 _aBombay
_bN.M. Tripathi Pvt. Ltd. India
_c1970
300 _alxxxv,1055p
_ccm.
942 _hZQ2, L3
_cTEXL
_2CC
999 _c1130300
_d1130300